000 00959nam a2200229Ii 4500
003 JO-AjNU
008 230605s9999||||xx |||||||||||||| ||und||
017 _a2007/16812
020 _a977-422-037-4
040 _aJO-AjNU
_bara
_erda
_cJO-AjNU
041 _aara
050 1 4 _aHF5548.32 .H3584 2008
100 3 _aحماد،طارق عبدالعال,
_eauthor
_932673
245 0 0 _aالتجارة الالكترونية : المفاهيم-التجارب-التحديات:الابعاد التكنولوجية والمالية والتسويقية والقانونية
250 _aط2
264 3 1 _aالاسكندرية:الدار الجامعية؛2008
300 _a856ص
_bمسرد المصطلحات من ص793-850ص، يحتوي على ببلوغرافية من ص851-856ص
336 _atext
_btxt
_2rdacontent
337 _aunmediated
_bn
_2rdamedia
338 _avolume
_bnc
_2rdacarrier
650 4 _aالتجارة الالكترونية
_932674
999 _aA13218
_c16786
_d16786